| 000 | 00577nam a2200193Ia 4500 | ||
|---|---|---|---|
| 005 | 20250508153930.0 | ||
| 008 | 008 250505s9999 xx 000 0 eng d | ||
| 037 | _aTextual | ||
| 040 |
_aFEDL _beng _cFEDL |
||
| 041 |
_aeng _2eng |
||
| 084 |
_a370.9866, UZC _qFEDL |
||
| 100 |
_aUzcategui Emilio _9757973 |
||
| 245 | 0 | _aCompulsory education in ecuador | |
| 260 |
_aParis, France _bUnited Nations Educational, Scientific and Cultural Organization |
||
| 300 | _a60p. | ||
| 650 | _aEducation | ||
| 942 |
_cTEXL _h370.9866, UZC |
||
| 999 |
_c1346466 _d1346466 |
||